000 00544cam a22001577a 4500
999 _c446383
_d446383
008 180718b2017 xxu||||| |||| 00| 0 eng d
020 _a9788126922987
082 _aT478 Sa21g
100 _aSaikia, Makhan
_9945
245 _aGlobalization and intellectual property rights : a comparative study of the patent governance systems of India and the European Union (EU)
_cby Makhan Saikia
260 _aNew Delhi
_bAtlantic
_c2017
300 _a466p.
650 _aGlobalization
_9946
650 _aIntellectual property rights
_9947
942 _2ddc